Môi trường và sự bảo tồn

में बचाया:
ग्रंथसूची विवरण
मुख्य लेखक: Nguyễn Tứ (dịch)
स्वरूप: पुस्तक
भाषा:Undetermined
प्रकाशित: Thành Phố Hồ Chí Minh Trẻ 2004
विषय:
टैग : टैग जोड़ें
कोई टैग नहीं, इस रिकॉर्ड को टैग करने वाले पहले व्यक्ति बनें!
Thư viện lưu trữ: Trung tâm Học liệu Trường Đại học Cần Thơ
LEADER 00555nam a2200193Ia 4500
001 CTU_61929
008 210402s9999 xx 000 0 und d
020 |b 9500 
082 |a 363.7 
082 |b T550 
100 |a Nguyễn Tứ (dịch) 
245 0 |a Môi trường và sự bảo tồn 
245 0 |c Nguyễn Tứ (dịch) 
260 |a Thành Phố Hồ Chí Minh 
260 |b Trẻ 
260 |c 2004 
650 |a environmental protection 
904 |a TUYẾN 
980 |a Trung tâm Học liệu Trường Đại học Cần Thơ